00548pab a2200181 454500008004000000100002300040245006300063260000900126300001600135362001100151650002000162650001200182773003400194908000600228909001000234999001700244952010500261180718b2007 xxu||||| |||| 00| 0 eng d aLakshmi, Aishwarya aThe mutiny novel: creating the domestic body of the empire c2007 ap.1746-753. a12 May aIndia - History aHistory aEconomic and Political Weekly aN a74002 c74002d74002 00104070aIIPAbIIPAd2018-07-19hVolume no: 42, Issue no: 19pAR74462r2018-07-19w2018-07-19yAR